00846nam a2200193 a 450000100100000000500170001000800410002702000180006804000250008624500390011124600280015026000360017830000350021471000590024995201110030895201050041995201110052499900170063500004413820201002045155.0140519s2010 dr ac 000 0 spa d a9789945864724 aDO-SdBNPbspacBNPHU00aReserva científica Las Neblinas.12aTesoros de Las Neblinas aSanto Domingo, :bCEDAF,c2010. a11 p. :bil., retrs. ;c14 cm.12aCentro para el Desarrollo Agropecuario y Forestal9519 0010718DSaGRbGRcCTd2014-05-20iLF1l0o p44138-30r2020-06-25te. 3w2020-06-25yLFDSZNo se presta 0010718PDaPDbPDcCTd2014-05-19iLF1l0o p44138-10r2020-06-25w2020-06-25yLFPDZNo se presta 0010718PDaPDbPDcCTd2014-05-20iLF1l0o p44138-20r2020-06-25te. 2w2020-06-25yLFPDZNo se presta c43627d43627